000 01172nam a2200325 i 4500
003 EG-GICUC
005 20260121101415.0
008 251202s1996 ua ||||fr|||| 00| 0 ara d
017 _a1996/9866
020 _a9770417882
040 _a EG-GICUC
_bara
_c EG-GICUC
_d EG-GICUC
_erda
041 0 _aara
082 0 4 _221
_a343.436
_bم ح . ق
092 0 4 _221
099 _aLaw1 10 343.436 م ح . ق 1996
100 0 _aمحمد سامى الشوا
_eمؤلف.
245 1 2 _aالقانون الإدارى الجزائي :
_b"ظاهرة الحد من العقاب" /
_cمحمد سامى الشوا.
264 1 _aالقاهرة :
_bدار النهضة العربية،
_c1996.
300 _a274 صفحة ؛
_c24 سم.
336 _2rda content
_atext
337 _2rda media
_aComputer
338 _2rda carrier
_aOnline Resource
504 _a. 257-267 ببليوجرافيا: صفحات
546 _aالنص باللغة العربية
650 1 4 _aقانون العقوبات الإداري
650 1 4 _aالقانون الجنائي
856 4 0 _uhttps://fll.law.cu.edu.eg/fulltext/bks/B10-05327.pdf
905 _a77
_eHassnaa
942 _2ddc
_cBK
_e21
_n0
999 _c47839
_d47839